000 00329nam a2200121Ia 4500
008 190216s9999||||xx |||||||||||||| ||und||
100 _aGordon J Van Wylen
 Richard E Sonntag
245 0 _aFundamentals Of Classical Thermodynamics
260 _bWiley Eastern Ltd
_c1984
300 _a744 p
650 _aPhysics
942 _cBK
999 _c32978
_d32978